Statistics for Red Hot Chili Peppers Albums

Click here to take the quiz!

General Stats

  • This quiz has been taken 1,555 times
  • The average score is 7 of 10

Answer Stats

YearAnswer% Correct
1999Californication
94%
2006Stadium Arcadium
90%
2002By The Way
87%
1991Blood Sugar Sex Magik
82%
1989Mother's Milk
79%
1995One Hot Minute
70%
2011I'm With You
64%
1985Freaky Styley
53%
1984The Red Hot Chili Peppers
46%
1987The Uplift Mofo Party Plan
44%

Score Distribution

Percentile by Number Answered

Percent of People with Each Score

Your Score History

You have not taken this quiz